[Event "Moscow Aeroflot op-B"]
[Site "Moscow"]
[Date "2020.02.23"]
[Round "5"]
[White "Zilbert, Oleg"]
[Black "Skatchkov, Valery"]
[Result "1/2-1/2"]
[WhiteElo "2166"]
[BlackElo "2293"]
[PlyCount "121"]
[EventDate "2020.02.19"]
[EventType "swiss"]
[EventRounds "9"]
[EventCountry "RUS"]
[SourceTitle "CBM 195"]
[Source "ChessBase"]
[SourceDate "2020.04.30"]
[SourceVersion "1"]
[SourceVersionDate "2020.04.30"]
[SourceQuality "1"]

1. e4 e5 2. Nf3 Nf6 3. Nc3 Nc6 4. Bb5 Nd4 5. Nxd4 exd4 6. e5 dxc3 7. exf6 Qxf6 8. bxc3 c6 9. Bd3 d5 10. 0-0 Bd6 11. Re1+ Be6 12. Rb1 Rb8 13. Qh5 g6 14. Qh6 Bf4 15. Qh3 0-0 16. Qf3 Qg5 17. h4 Qh6 18. Re2 c5 19. g3 c4 20. Qxf4 Qxf4 21. gxf4 cxd3 22. cxd3 Bf5 23. Re3 d4 24. cxd4 Rfd8 25. Bb2 h5 26. Bc3 b5 27. a3 Rd5 28. Kf1 a6 29. Ke2 Bg4+ 30. f3 Bf5 31. Re5 Rbd8 32. Bb2 f6 33. Rxd5 Rxd5 34. Rc1 Rd6 35. d5 Rxd5 36. d4 Rd6 37. d3 Kf7 38. Ke3 Ke6 39. Rc7 Rd7 40. Rxd7 Kxd7 41. d5 Kd6 42. Kd4 a5 43. Bc3 b4 44. axb4 axb4 45. Bxb4+ Kd7 46. Kc4 Bh3 47. Bc3 Bf5 48. Bxf6 Bh3 49. Kd4 Bf5 50. Bg5 Kc7 51. Be7 Kc8 52. Kc4 Kd7 53. Bb4 Bh3 54. Kd4 Bf5 55. Ba3 Bh3 56. Ke5 Bf5 57. d4 Bb1 58. d6 Bf5 59. d5 Kc8 60. Bb4 Kd7 61. Kf6 1/2-1/2

[Event "Moscow Aeroflot op-B 18th"]
[Site "Moscow"]
[Date "2019.02.21"]
[Round "2"]
[White "Zilbert, Oleg"]
[Black "Saydaliev, Saidakbar"]
[Result "0-1"]
[WhiteElo "2235"]
[BlackElo "2390"]
[PlyCount "98"]
[EventDate "2019.02.20"]
[EventType "swiss"]
[EventRounds "9"]
[EventCountry "RUS"]
[SourceTitle "CBM 189 Extra"]
[Source "ChessBase"]
[SourceDate "2019.06.03"]
[SourceVersion "1"]
[SourceVersionDate "2019.06.03"]
[SourceQuality "1"]

1. e4 c5 2. Nf3 Nc6 3. Bb5 g6 4. 0-0 Bg7 5. Re1 Nf6 6. e5 Nd5 7. Nc3 Nc7 8. Bxc6 bxc6 9. Ne4 Ne6 10. d3 0-0 11. Bd2 d5 12. exd6 exd6 13. Bc3 f5 14. Bxg7 Kxg7 15. Ned2 Qf6 16. Nc4 Ba6 17. c3 Nf4 18. Qd2 g5 19. Kh1 h6 20. Re3 Rae8 21. Rae1 Rxe3 22. Qxe3 Rf7 23. Nfd2 d5 24. g3 Ng6 25. Ne5 Nxe5 26. Qxe5 Qxe5 27. Rxe5 Bxd3 28. Re6 Rb7 29. b3 c4 30. Kg2 d4 31. Nxc4 dxc3 32. Re1 Bxc4 33. bxc4 Rb4 34. Rc1 Rxc4 35. Rc2 Kf6 36. Kf3 Ke5 37. Ke3 Kd5 38. f3 f4+ 39. Kd3 Rd4+ 40. Kxc3 Rc4+ 41. Kd3 Rxc2 42. Kxc2 Kd4 43. Kd2 c5 44. gxf4 gxf4 45. a4 a5 46. h3 Kc4 47. h4 h5 48. Kc2 Kb4 49. Kd3 c4+ 0-1

[Event "Moscow Aeroflot op-B 17th"]
[Site "Moscow"]
[Date "2018.02.28"]
[Round "9"]
[White "Zilbert, Oleg"]
[Black "Mohota, Nisha"]
[Result "0-1"]
[WhiteElo "2192"]
[BlackElo "2256"]
[PlyCount "42"]
[EventDate "2018.02.20"]
[EventType "swiss"]
[EventRounds "9"]
[EventCountry "RUS"]
[SourceTitle "CBM 183 Extra"]
[Source "ChessBase"]
[SourceDate "2018.04.19"]
[SourceVersion "1"]
[SourceVersionDate "2018.04.19"]
[SourceQuality "1"]

1. e4 c6 2. d3 d5 3. Nd2 e5 4. Ngf3 Bd6 5. d4 exd4 6. exd5 cxd5 7. Bb5+ Nc6 8. Qe2+ Nge7 9. Nxd4 0-0 10. N4f3 Nf5 11. 0-0 Nfd4 12. Nxd4 Nxd4 13. Qd3 Qb6 14. Ba4 Bf5 15. Qe3 Bf4 16. Qe7 Qh6 17. h4 Bxd2 18. Bxd2 Qxd2 19. Rfd1 Qf4 20. Qe3 Qxe3 21. fxe3 Nxc2 0-1

[Event "Moscow Aeroflot op-B 17th"]
[Site "Moscow"]
[Date "2018.02.27"]
[Round "8"]
[White "Murzin, Volodar"]
[Black "Zilbert, Oleg"]
[Result "1-0"]
[WhiteElo "2282"]
[BlackElo "2192"]
[PlyCount "107"]
[EventDate "2018.02.20"]
[EventType "swiss"]
[EventRounds "9"]
[EventCountry "RUS"]
[SourceTitle "CBM 183 Extra"]
[Source "ChessBase"]
[SourceDate "2018.04.19"]
[SourceVersion "1"]
[SourceVersionDate "2018.04.19"]
[SourceQuality "1"]

1. e4 e5 2. Nf3 Nc6 3. Bc4 Nf6 4. d3 Be7 5. 0-0 0-0 6. Nc3 d6 7. a3 Nd4 8. Nxd4 exd4 9. Ne2 c5 10. Nf4 Bg4 11. Qe1 Ne8 12. Bd2 Nc7 13. h3 Bd7 14. Qe2 Bg5 15. Rae1 Bxf4 16. Bxf4 Be6 17. Qf3 b5 18. Bxe6 Nxe6 19. Bh2 a5 20. Qh5 Ra6 21. f4 Nc7 22. f5 f6 23. Qf3 a4 24. c3 b4 25. axb4 dxc3 26. bxc3 cxb4 27. cxb4 Qb8 28. Kh1 a3 29. d4 Qxb4 30. e5 dxe5 31. dxe5 fxe5 32. Bxe5 Ne8 33. Bc3 Qc5 34. Rc1 Qe7 35. Rfe1 Qd7 36. Bb4 Nd6 37. Qd3 Re8 38. f6 gxf6 39. Red1 a2 40. Ra1 Qf5 41. Qg3+ Kh8 42. Bxd6 Rd8 43. Rf1 Qe4 44. Bf4 Rd3 45. Qh4 Qc6 46. Qh6 Kg8 47. Rfc1 Rc3 48. Rd1 Ra8 49. Rxa2 Rxa2 50. Rd8+ Kf7 51. Rf8+ Ke6 52. Rxf6+ Kd5 53. Qg5+ Ke4 54. Qe5+ 1-0

[Event "Moscow Aeroflot op-B 17th"]
[Site "Moscow"]
[Date "2018.02.24"]
[Round "5"]
[White "Gukesh, Dommaraju"]
[Black "Zilbert, Oleg"]
[Result "1-0"]
[WhiteElo "2320"]
[BlackElo "2192"]
[PlyCount "77"]
[EventDate "2018.02.20"]
[EventType "swiss"]
[EventRounds "9"]
[EventCountry "RUS"]
[SourceTitle "CBM 183 Extra"]
[Source "ChessBase"]
[SourceDate "2018.04.19"]
[SourceVersion "1"]
[SourceVersionDate "2018.04.19"]
[SourceQuality "1"]

1. Nf3 g6 2. g3 c5 3. c3 Bg7 4. d4 Na6 5. Bg2 Nf6 6. 0-0 d6 7. Re1 Bf5 8. a3 0-0 9. b4 Qc8 10. Bb2 Rd8 11. Nbd2 e5 12. e4 Bg4 13. dxe5 dxe5 14. Qe2 Ne8 15. Nc4 Nd6 16. Ne3 Be6 17. Ng5 Bb3 18. b5 Nc7 19. c4 h6 20. Bh3 f5 21. Nf3 Qe6 22. exf5 gxf5 23. Rec1 Ba4 24. Nh4 Rf8 25. Qh5 a6 26. Nhxf5 Nxf5 27. Nxf5 Qf6 28. f4 Rae8 29. Bxe5 Rxe5 30. fxe5 Qg5 31. Qxg5 hxg5 32. Nxg7 Kxg7 33. b6 Ne8 34. Bg2 Rf7 35. Rf1 Re7 36. Rf5 Kh6 37. Raf1 Re6 38. Rf7 Rxb6 39. Be4 1-0

[Event "Wch Seniors 65 26th"]
[Site "Marianske Lazne"]
[Date "2016.11.29"]
[Round "10"]
[White "Lederman, Leon S"]
[Black "Zilbert, Oleg"]
[Result "0-1"]
[WhiteElo "2280"]
[BlackElo "2208"]
[PlyCount "68"]
[EventDate "2016.11.19"]
[EventType "swiss"]
[EventRounds "11"]
[EventCountry "CZE"]
[SourceTitle "CBM 175 Extra"]
[Source "ChessBase"]
[SourceDate "2016.12.12"]
[SourceVersion "1"]
[SourceVersionDate "2016.12.12"]
[SourceQuality "1"]

1. e4 e5 2. Nf3 Nc6 3. Bb5 a6 4. Ba4 d6 5. c4 Bg4 6. h3 Bxf3 7. Qxf3 Nf6 8. 0-0 Be7 9. Rd1 Nd7 10. Bxc6 bxc6 11. d4 exd4 12. Rxd4 Bf6 13. Rd1 0-0 14. Nc3 Re8 15. Bd2 a5 16. Na4 Qe7 17. Re1 Qe6 18. Rac1 Ne5 19. Qe2 c5 20. Bc3 Bg5 21. Rc2 Nc6 22. b3 Nb4 23. Rb2 Qg6 24. Qf3 Rad8 25. Rbe2 f6 26. g3 h5 27. Kf1 h4 28. Qg4 hxg3 29. h4 gxf2 30. Bxb4 axb4 31. Rxf2 Re5 32. Rf5 Rf8 33. Kg2 Rfe8 34. Kf1 Rxf5+ 0-1

[Event "Wch Seniors 65 26th"]
[Site "Marianske Lazne"]
[Date "2016.11.26"]
[Round "7"]
[White "Zilbert, Oleg"]
[Black "Werner, Clemens"]
[Result "0-1"]
[WhiteElo "2208"]
[BlackElo "2325"]
[PlyCount "162"]
[EventDate "2016.11.19"]
[EventType "swiss"]
[EventRounds "11"]
[EventCountry "CZE"]
[SourceTitle "CBM 175 Extra"]
[Source "ChessBase"]
[SourceDate "2016.12.12"]
[SourceVersion "1"]
[SourceVersionDate "2016.12.12"]
[SourceQuality "1"]

1. e4 c6 2. Nf3 d5 3. Nc3 dxe4 4. Nxe4 Nf6 5. Nxf6+ gxf6 6. Bc4 Rg8 7. 0-0 Bg4 8. d4 e6 9. c3 Qc7 10. Qd3 Nd7 11. Nh4 f5 12. h3 Bh5 13. Qe3 0-0-0 14. Re1 Kb8 15. Be2 Bxe2 16. Qxe2 Bd6 17. Nf3 Rg7 18. Kh1 Rdg8 19. Rg1 Nf6 20. Bd2 Ne4 21. g4 Nxd2 22. Nxd2 fxg4 23. Rxg4 Rxg4 24. hxg4 Qe7 25. Nf3 Rxg4 26. Rg1 h5 27. Rg2 Qf6 28. Ne5 Rh4+ 29. Kg1 Qf5 30. f3 Rf4 31. Kf2 Bxe5 32. dxe5 h4 33. Rg8+ Kc7 34. Kg2 h3+ 35. Kg3 h2 36. Rh8 Qg5+ 37. Kxh2 Rf5 38. Qf2 Qf4+ 39. Kg2 Rxe5 40. Rh4 Rg5+ 41. Kh3 Qf5+ 42. Kh2 Rh5 43. Rxh5 Qxh5+ 44. Kg2 Qg6+ 45. Kh2 b6 46. Qe2 Qh5+ 47. Kg2 Qg5+ 48. Kf2 Qf4 49. Kg2 Kb7 50. b4 Qg5+ 51. Kf2 Qb5 52. Qe4 Qd5 53. Qe2 b5 54. a3 a6 55. Qe3 e5 56. Kg3 f5 57. Qg5 f4+ 58. Kg4 Qd7+ 59. Kh4 Qh7+ 60. Kg4 Qd7+ 61. Kh4 Qe8 62. Qg7+ Kc8 63. Kg5 e4 64. Kxf4 e3 65. Qg4+ Kb7 66. Qg7+ Ka8 67. Qg1 e2 68. Qe1 Kb7 69. Kg4 Qe6+ 70. Kg3 Qe3 71. Kg4 Kc8 72. Kg3 Kd7 73. Kg2 Ke6 74. Kg3 Kd5 75. Kg4 Kc4 76. Kg3 Kb3 77. Kg2 Kxa3 78. f4 Kb3 79. f5 Qg5+ 80. Kh2 Qxf5 81. Qxe2 Qc2 0-1

[Event "Moscow Aeroflot op-B 14th"]
[Site "Moscow"]
[Date "2015.04.04"]
[Round "9"]
[White "Gavrilov, Alexei"]
[Black "Zilbert, Oleg"]
[Result "1-0"]
[WhiteElo "2485"]
[BlackElo "2250"]
[PlyCount "59"]
[EventDate "2015.03.27"]
[EventType "swiss"]
[EventRounds "9"]
[EventCountry "RUS"]
[SourceTitle "CBM 165 Extra"]
[Source "ChessBase"]
[SourceDate "2015.04.21"]
[SourceVersion "1"]
[SourceVersionDate "2015.04.21"]
[SourceQuality "1"]

1. d4 g6 2. e4 Bg7 3. c4 Nc6 4. Nf3 d6 5. d5 Nb8 6. Bd3 Na6 7. 0-0 Nf6 8. Nc3 0-0 9. h3 e6 10. Re1 Nc5 11. Bc2 exd5 12. cxd5 Re8 13. Bg5 h6 14. Bd2 a5 15. Rc1 Re7 16. a4 Re8 17. Bf4 g5 18. Bh2 Nfd7 19. Qd2 Nb6 20. b3 Nbd7 21. Nb5 Ra6 22. Re3 Ne5 23. Nxe5 Bxe5 24. Bxe5 Rxe5 25. Rg3 c6 26. dxc6 Rxc6 27. f4 Rxe4 28. fxg5 hxg5 29. Rxg5+ Kf8 30. Rxc5 1-0

[Event "Moscow Aeroflot op-B 14th"]
[Site "Moscow"]
[Date "2015.03.31"]
[Round "5"]
[White "Korchmar, Vasiliy"]
[Black "Zilbert, Oleg"]
[Result "1-0"]
[WhiteElo "2405"]
[BlackElo "2250"]
[PlyCount "98"]
[EventDate "2015.03.27"]
[EventType "swiss"]
[EventRounds "9"]
[EventCountry "RUS"]
[SourceTitle "CBM 165 Extra"]
[Source "ChessBase"]
[SourceDate "2015.04.21"]
[SourceVersion "1"]
[SourceVersionDate "2015.04.21"]
[SourceQuality "1"]

1. d4 g6 2. e4 Bg7 3. Nc3 c6 4. Be3 d5 5. e5 Nh6 6. Qd2 Nf5 7. Bf4 h5 8. 0-0-0 Qa5 9. Kb1 b5 10. Nf3 e6 11. Bd3 b4 12. Ne2 Ba6 13. Nc1 Bxd3 14. Nxd3 Na6 15. h3 Rb8 16. g4 Ne7 17. Bg5 Ng8 18. Qe3 Bh6 19. Bxh6 Rxh6 20. Ng5 Rh8 21. f4 Ne7 22. Rhf1 c5 23. dxc5 Nc7 24. f5 gxf5 25. gxf5 Nxf5 26. Rxf5 exf5 27. Qf4 Ne6 28. Qxf5 Nxg5 29. Qxg5 Qd8 30. Qg7 Rf8 31. Nf4 Qh4 32. Nxd5 Rd8 33. Qh6 Rg8 34. b3 Qg5 35. Qh7 Qg6 36. Qxg8+ Qxg8 37. Nf6+ Ke7 38. Nxg8+ Rxg8 39. Rd4 a5 40. c6 Ke6 41. Rf4 Rf8 42. c7 Rc8 43. Rf6+ Ke7 44. Ra6 Rxc7 45. Rxa5 Rc3 46. Rb5 Rxh3 47. Rxb4 Ke6 48. a4 Re3 49. a5 Rxe5 1-0

[Event "Moscow-ch"]
[Site "Moscow"]
[Date "2014.03.22"]
[Round "1"]
[White "Zilbert, Oleg"]
[Black "Balashov, Yuri S"]
[Result "0-1"]
[WhiteElo "2286"]
[BlackElo "2446"]
[PlyCount "78"]
[EventDate "2014.03.22"]
[EventType "swiss"]
[EventRounds "9"]
[EventCountry "RUS"]
[SourceTitle "CBM 159 Extra"]
[Source "ChessBase"]
[SourceDate "2014.04.24"]
[SourceVersion "1"]
[SourceVersionDate "2014.04.24"]
[SourceQuality "1"]

1. e4 c5 2. Nf3 e6 3. Nc3 a6 4. d4 cxd4 5. Nxd4 Qc7 6. g3 Bb4 7. Bd2 Nc6 8. Nxc6 dxc6 9. Bg2 e5 10. 0-0 Be7 11. a4 a5 12. Qe2 Nf6 13. Nd1 0-0 14. Ne3 Re8 15. Nc4 Be6 16. Bc3 Bb4 17. Bxb4 axb4 18. Ne3 Qb6 19. Rfd1 Qc5 20. Qd3 h6 21. h3 Qa5 22. Nc4 Bxc4 23. Qxc4 Rad8 24. Qb3 Qc5 25. c3 bxc3 26. bxc3 Qe7 27. Bf3 Qc7 28. Qc4 b6 29. h4 g6 30. Ra2 Rxd1+ 31. Bxd1 Rd8 32. Bb3 Rd7 33. Kg2 h5 34. Rb2 Kg7 35. Ba2 c5 36. Kf3 Qd6 37. Kg2 Qc6 38. Kf3 Nxe4 39. Ke3 Nd6 0-1

[Event "Moscow MGSU Rector Cup"]
[Site "Moscow"]
[Date "2012.11.10"]
[Round "3"]
[White "Korneev, Oleg"]
[Black "Zilbert, Oleg"]
[Result "0-1"]
[WhiteElo "2602"]
[BlackElo "2286"]
[PlyCount "53"]
[EventDate "2012.11.09"]
[EventType "swiss (rapid)"]
[EventRounds "11"]
[EventCountry "RUS"]
[SourceTitle "EXT 2013"]
[Source "ChessBase"]
[SourceDate "2012.11.22"]
[SourceVersion "1"]
[SourceVersionDate "2012.11.22"]
[SourceQuality "1"]

1. e4 e6 2. d4 d5 3. Nd2 Nc6 4. Ngf3 Nf6 5. e5 Nd7 6. Nb3 f6 7. Bf4 fxe5 8. dxe5 Qe7 9. c3 Nd8 10. Bd3 Nf7 11. h4 c5 12. c4 Nb6 13. Na5 Qc7 14. 0-0 Bd7 15. Rc1 0-0-0 16. b4 Kb8 17. Bg3 g6 18. Qe2 Bh6 19. Rc2 Bc8 20. bxc5 Qxc5 21. Nb3 Qa3 22. c5 Na4 23. Nfd4 Bd7 24. Rb1 Ka8 25. Qe1 b6 26. Nb5 Bxb5 27. Bxb5 0-1

[Event "Moscow op 02nd"]
[Site "Moscow"]
[Date "2006.02.04"]
[Round "7"]
[White "Sitnikov, Anton"]
[Black "Zilbert, Oleg"]
[Result "1-0"]
[WhiteElo "2462"]
[BlackElo "2370"]
[PlyCount "75"]
[EventDate "2006.01.29"]
[EventType "swiss"]
[EventRounds "9"]
[EventCountry "RUS"]
[SourceTitle "CBM 110 Extra"]
[Source "ChessBase"]
[SourceDate "2006.03.10"]
[SourceVersion "2"]
[SourceVersionDate "2006.03.10"]
[SourceQuality "1"]

1. e4 e5 2. Nf3 Nc6 3. Bc4 Bc5 4. c3 Bb6 5. d3 Nf6 6. 0-0 d6 7. Nbd2 0-0 8. Bb3 a6 9. Nc4 Ba7 10. Bg5 Ne7 11. Ne3 Kh8 12. Bxf6 gxf6 13. Nh4 c6 14. Qf3 Ng6 15. Nhf5 Be6 16. g3 a5 17. Ng4 d5 18. h4 Rg8 19. Ngh6 Rf8 20. Qg4 Qd7 21. h5 Bb6 22. Rad1 a4 23. Bc2 a3 24. b4 d4 25. c4 c5 26. Rb1 cxb4 27. Qf3 Bc5 28. Nxd4 f5 29. Nb3 Be7 30. exf5 Bg5 31. hxg6 fxg6 32. fxe6 Qxe6 33. Qg4 Qe7 34. Qh3 Rf3 35. Ng4 Raf8 36. Rbe1 Qd7 37. Bd1 Rxd3 38. Nc5 1-0